Mapy
Uloženo v:
LEADER 02649nem a2200517 a 4500
001 000212514
003 CZ BrMZK
005 20140217104212.0
007 ad canzn
008 970107s1960 xo cg a 0 slo d
034 1 |a a  |b 40000  |d E0182753  |e E0201437  |f N0485437  |g N0474741 
040 |a ABA001  |b cze  |c ABA001  |d ABA001  |d BOA001 
043 |a e-xo--- 
072 7 |a 797  |x Vodní sporty. Letecké sporty  |2 Konspekt  |9 20 
072 7 |a 912  |x Mapy. Atlasy. Glóby  |2 Konspekt  |9 7 
080 |a 639.2/.6  |2 MRF 
080 |a 797.12  |2 MRF 
080 |a (437.6)  |2 MRF 
080 |a (084.3)797.1  |2 MRF 
080 |a (084.3)639  |2 MRF 
245 0 0 |a Vodácka a rybárska mapa Hrona  |h [kartografický dokument] /  |c zpracoval a vytlačil Kartografický a reprodukčný ústav v Modre-Harmónii ; zodpovedný redaktor Jozef Ponec ; technický redaktor Václav Pecka ; spolupracovali: Slovenský sväz rybárov v Žilině - Ondrej Budaj a SÚV ČSTV - Ladislav Kalina ; obálka: František Bobáň 
250 |a 1. vyd. 
255 |a Měřítko 1:40 000  |c (018°27´53" v.d.--020°14´37" v.d./048°54´37" s.š.--047°47´41" s.š.) 
260 |a [Bratislava] :  |b Správa geodesie a kartografie na Slovensku,  |c 1960  |e (V Modre-Harmónii :  |f Kartografický a reprodukčný ústav) 
300 |a 1 atlas (64 s.)  |b 36 barev. map ;  |c 19 cm 
500 |a Dostupné též v digitální podobě v aplikaci Kramerius 
650 0 7 |a vodáctví  |7 ph116619  |2 czenas 
650 0 7 |a rybářství  |7 ph116094  |2 czenas 
655 7 |a vodácké mapy  |7 fd133815  |2 czenas 
655 7 |a mapy lovu a rybolovu  |7 fd186737  |2 czenas 
651 7 |a Hron (Slovensko : řeka : oblast)  |7 ge501766  |2 czenas 
700 1 |a Ponec, Jozef,  |d 1918-2006  |7 ola2002109774  |4 pbd 
700 1 |a Pecka, Václav  |7 jk01092243  |4 red 
700 1 |a Budaj, Ondrej,  |d 1925-2018  |7 xx0038699  |4 oth 
700 1 |a Kalina, Ladislav  |4 oth 
700 1 |a Bobáň, František  |4 bjd 
710 2 |a Správa geodézie a kartografie na Slovensku  |4 pbl 
710 2 |a Kartografický a reprodukčný ústav (Modra, Slovensko)  |7 ko2003164639  |4 ctg  |4 prt 
710 2 |a Slovenský sväz rybárov (Žilina, Slovensko)  |4 oth 
710 2 |a Československý svaz tělesné výchovy.  |b Slovenský ústredný výbor  |7 xx0122475  |4 oth 
856 4 1 |u http://www.digitalniknihovna.cz/mzk/view/uuid:ebc67079-e021-48d7-98c4-15c5b71ba84a  |y Digitalizovaný dokument 
910 |a BOA001  |b PK-0023.745  |b Skř.9A-0429.217 
990 |a MP 
991 |b 201402 
996 6 |b 2619673437  |c Skř.9A-0429.217  |l MZK  |r Sklad / do 24 hodin  |n 0  |w 000212514  |u 000020  |a 1  |e BOA001  |j MZK50  |s P 
996 7 |b 3119902418  |c PK-0023.745  |l MZK  |r Sklad / do 1 hodiny  |n 2  |w 000212514  |u 000010  |a 1  |e BOA001  |j MZK50  |s A